Labi Siffre - Bless the telephone - Statistics

General Stats
  • This quiz has been taken 28 times
  • The average score is 129 of 144
Answer Stats
lyrics % Correct
feel
100%
I
100%
just
100%
love
100%
make
100%
me
100%
or
100%
the
100%
The
100%
way
100%
way,
100%
you
100%
you?
100%
a
92%
An
92%
And
92%
and
92%
Bless
92%
hear
92%
I'm
92%
in
92%
It's
92%
it's
92%
I've
92%
much
92%
nice
92%
same
92%
song
92%
soon
92%
telephone
92%
to
92%
too
92%
two
92%
very
92%
voice
92%
With
92%
with
92%
wrote
92%
your
92%
again
83%
all
83%
alone
83%
away
83%
Away
83%
being
83%
call
83%
can
83%
change
83%
day
83%
do
83%
Even
83%
fast
83%
feeling
83%
for
83%
From
83%
go
83%
here
83%
how
83%
How
83%
job
83%
long
83%
my
83%
Not
83%
of
83%
phone
83%
slow,
83%
soft
83%
Take
83%
tell
83%
waited
83%
when
83%
word
83%
are
75%
as
75%
hello
75%
I'd
75%
like
75%
low
75%
name
75%
office
75%
say
75%
songs
75%
strange,
75%
Strange
75%
things
75%
time
75%
While
75%
writing
75%
But
58%
No matching quizzes found
Score Distribution
Percent of People with Each Score
Percentile by Number Answered
Your Score History
You have not taken this quiz